La colaboracin̤ pb︢lico-privada en la gestin̤ de los servicios de intermediacin̤ laboral

Detalles Bibliográficos
Autor principal: Garca̕ Solana, Mara̕ Još
Formato: eBook
Lenguaje:español
Publicado: Madrid: Instituto Nacional de Administracin̤ Pb︢lica (INAP), 2018
Materias:
Acceso en línea:Acceso restringido

MARC

LEADER 00000nam a22000007a 4500
005 20190321231640.0
007 cr|||| ||||
008 190321s2018 es |||||s|||| 00||0 spa d
020 |a 978-84-7351-650-1 
035 |a 23114 
040 |a vLex 
090 |c 8495  |d 8495 
100 1 |a Garca̕ Solana, Mara̕ Još 
245 1 2 |a La colaboracin̤ pb︢lico-privada en la gestin̤ de los servicios de intermediacin̤ laboral  |h [Recurso electrn̤ico] /  |c Mara̕ Jos ̌Garca̕ Solana 
256 |a Servicio en ln̕ea 
260 |a Madrid:  |b Instituto Nacional de Administracin̤ Pb︢lica (INAP),  |c 2018 
300 |a 1 recurso electrn̤ico 
500 |a Anl̀isis del modelo del servicio pb︢lico de empleo estatal y las agencias privadas de colocacin̤ (2010-2016) 
506 1 |a Disponible solo en los productos indicados  |d vLex Global  |d vLex Global (Academic Edition, excluding Law Schools)  |d vLex Global (U.S. Academic Edition, Law Schools)  |d vLex Global (U.S. Academic Edition, excluding Law Schools)  |d vLex Global (Academic Edition, Law Schools) 
650 0 4 |a Derecho Laboral y Seguridad Social  |z Espaą 
740 0 |a vLex Libros (Servicio en ln̕ea) 
856 4 0 |u http://vlex.com/source/colaboracion-publico-privada-en-la-gestion-de-los-servicios-de-intermediacion-laboral-23114  |z Acceso restringido 
942 |c BOOK 
999 0 |a Labor law and social security